000 00785nam a2200181 i 4500
001 83595
003 ES-MaACL
005 20230906174847.0
007 t|
008 041117s1983 sp ||||1| spa d
245 0 0 _aInventario artístico de Guadalajara y su provincia /
_c[dirigido por José María de Azcárate Ristori ; y realizado con la colaboración de Ana García Páramo et al.].
260 _aMadrid :
_bDirección General de Bellas Artes y Archivos,
_c1983.
300 _a2 v. :
_bil. ;
_c18 cm.
505 8 _aContiene: T.I: Abanadas-Muriel. -- T.II: Navas de Jadraque-Zorita de los Canes
650 4 _aPatrimonio cultural-
_zGuadalajara (Provincia)-
_vInventarios.
_9163772
700 1 _aAzcárate Ristori, José María de.
_924256
852 _aES-MaACL
_jL-4731-2
_bR.105399
999 _c83595
_d83595